[Event "Rated Blitz game"]
[Site "?"]
[Date "2021.02.06"]
[Round "?"]
[White "adrianrdosina"]
[Black "annaly1979"]
[Result "0-1"]
[WhiteElo "2293"]
[BlackElo "2408"]
[PlyCount "72"]
[EventDate "2021.??.??"]
[EventType "blitz"]

1. e4 e5 2. Nf3 d5 3. Nxe5 Qe7 4. d4 f6 5. Nd3 Nc6 6. c3 Bf5 7. Be2 Bxe4 8. O-O
Qf7 9. Nf4 O-O-O 10. b4 Bd6 11. Be3 f5 12. Nd3 g5 13. f4 g4 14. Nd2 Nf6 15. Ne5
Bxe5 16. fxe5 Nh5 17. Bxg4 Qg6 18. Nxe4 fxg4 19. Nf6 Nxf6 20. Rxf6 Qe4 21. Bh6
Rhg8 22. Qd2 g3 23. h3 a6 24. Raf1 Kb8 25. Qe3 Qc2 26. Rf8 Rgxf8 27. Bxf8 Qg6
28. Bh6 Re8 29. Bg5 h6 30. Bf4 Rg8 31. e6 Ne7 32. Qe5 Rc8 33. Bxg3 Nc6 34. Qe3
Re8 35. Qf4 Re7 36. Qf6 Qxg3 {Normal} 0-1

[Event "Rated Blitz game"]
[Site "?"]
[Date "2021.02.06"]
[Round "?"]
[White "Anjalia_WGM"]
[Black "jeruchess"]
[Result "0-1"]
[WhiteElo "2447"]
[BlackElo "2333"]
[PlyCount "70"]
[EventDate "2021.??.??"]
[EventType "blitz"]

1. e4 e5 2. Nf3 d5 3. exd5 e4 4. Qe2 Nf6 5. Nc3 Be7 6. Nxe4 Nxd5 7. d3 O-O 8.
Qd1 Re8 9. Be2 c5 10. O-O Nc6 11. h3 b6 12. c4 Nf6 13. Bg5 Bb7 14. Qd2 Nd4 15.
Nxd4 Qxd4 16. Bxf6 Bxf6 17. Nxf6+ Qxf6 18. Rae1 Rad8 19. Bd1 Qg6 20. f4 Rxe1
21. Rxe1 Qd6 22. Bc2 g6 23. Qe3 Qc6 24. Re2 h5 25. Qe7 Rd4 26. f5 Rd7 27. Qe8+
Kg7 28. f6+ Kh7 29. d4 cxd4 30. Be4 Qc5 31. Qxd7 d3+ 32. Rf2 Qxc4 33. Qxb7 d2
34. Qd5 Qxd5 35. Bxd5 d1=Q+ {Normal} 0-1

[Event "Rated Blitz game"]
[Site "?"]
[Date "2021.02.06"]
[Round "?"]
[White "sillyMASTER"]
[Black "Fantastic_power06"]
[Result "0-1"]
[WhiteElo "2712"]
[BlackElo "2611"]
[PlyCount "48"]
[EventDate "2021.??.??"]
[EventType "blitz"]

1. e4 e5 2. Nf3 d5 3. Nxe5 Bd6 4. d4 dxe4 5. Bc4 Bxe5 6. dxe5 Qxd1+ 7. Kxd1 Nc6
8. Bf4 Nge7 9. Nc3 Ng6 10. Bg3 Ngxe5 11. Bd5 Bg4+ 12. Kc1 O-O-O 13. Bxe4 Rhe8
14. f3 Bh5 15. b3 Bg6 16. Kb2 Bxe4 17. Nxe4 f5 18. Nc5 b6 19. Na4 Rd2 20. Rad1
Rxg2 21. Rhe1 f4 22. Bxf4 Nd3+ 23. Rxd3 Rxe1 24. Nc3 Nb4 {Normal} 0-1

[Event "Rated Blitz game"]
[Site "?"]
[Date "2021.02.06"]
[Round "?"]
[White "Majasystem"]
[Black "Schachelite"]
[Result "0-1"]
[WhiteElo "2408"]
[BlackElo "2452"]
[PlyCount "30"]
[EventDate "2021.??.??"]
[EventType "blitz"]

1. e4 e5 2. Nf3 d5 3. exd5 e4 4. Qe2 Nf6 5. d3 Qxd5 6. Nc3 Bb4 7. Bd2 Bxc3 8.
Bxc3 Be6 9. dxe4 Nxe4 10. Bxg7 Rg8 11. Bd4 Nc6 12. O-O-O O-O-O 13. b3 Bg4 14.
c3 Nxd4 15. cxd4 Nc3 {Normal} 0-1

[Event "Rated Blitz tournament kle1UACc"]
[Site "?"]
[Date "2021.02.06"]
[Round "?"]
[White "Zhigalko_Sergei"]
[Black "vovaches"]
[Result "1/2-1/2"]
[WhiteElo "2758"]
[BlackElo "2582"]
[PlyCount "50"]
[EventDate "2021.??.??"]
[EventType "blitz"]

1. e4 e5 2. Nf3 d5 3. exd5 e4 4. Qe2 Nf6 5. Nc3 Be7 6. Nxe4 O-O 7. Nxf6+ Bxf6
8. d4 Re8 9. Be3 Qxd5 10. Qb5 Qd8 11. O-O-O c6 12. Qb3 b5 13. d5 a5 14. dxc6
Qc7 15. Bxb5 Be6 16. Qa4 Na6 17. a3 Reb8 18. Rhe1 Be7 19. Bf4 Qb6 20. Bxb8 Rxb8
21. Bxa6 Qxb2+ 22. Kd2 Bxa3 23. Ke2 Bb4 24. c7 Rf8 25. Rd8 Qc3 {Normal} 1/2-1/2

[Event "Rated Blitz game"]
[Site "?"]
[Date "2021.02.06"]
[Round "?"]
[White "GropingQ"]
[Black "lavilaine"]
[Result "1-0"]
[WhiteElo "2400"]
[BlackElo "2365"]
[PlyCount "163"]
[EventDate "2021.??.??"]
[EventType "blitz"]

1. e4 e5 2. Nf3 d5 3. Nc3 d4 4. Ne2 Bd6 5. Ng3 c5 6. Bc4 Nc6 7. d3 f6 8. Bxg8
Rxg8 9. h4 Bg4 10. h5 Qd7 11. Qd2 O-O-O 12. Nh4 g5 13. Nhf5 Bxf5 14. Nxf5 Ne7
15. g4 Nxf5 16. exf5 Qc6 17. Rg1 Kb8 18. Qe2 Rc8 19. b3 Ka8 20. a4 Qd5 21. f3
h6 22. Bd2 Rc7 23. Kf2 Rgc8 24. a5 a6 25. Ra4 Re7 26. Re1 e4 27. fxe4 Qe5 28.
Qf3 Qh2+ 29. Qg2 Bg3+ 30. Kf1 Qxg2+ 31. Kxg2 Bxe1 32. Bxe1 Ka7 33. Bg3 b5 34.
axb6+ Kxb6 35. Kf3 Kb5 36. Bd6 Rd7 37. Bg3 Rc6 38. Be1 Kb6 39. Ba5+ Ka7 40. Be1
Rb7 41. Bg3 Rb5 42. Be1 Kb6 43. Bd2 a5 44. Be1 Ka6 45. Bd2 Rcb6 46. Be1 Rb4 47.
Bxb4 cxb4 48. Ke2 Kb5 49. Kd2 Rc6 50. Ra1 Rc5 51. Re1 Re5 52. Re2 a4 53. bxa4+
Kxa4 54. Re1 Ka3 55. Ra1+ Kb2 56. Ra4 Rb5 57. Ra6 Rc5 58. Rxf6 Rxc2+ 59. Kd1
Rc1+ 60. Ke2 Rc2+ 61. Kf3 Kc3 62. Rc6+ Kxd3 63. Rd6 b3 64. f6 b2 65. Rb6 Kc3
66. f7 Rc1 67. Kf2 Rc2+ 68. Kg3 Rc1 69. f8=Q b1=Q 70. Rxb1 Rxb1 71. Qc5+ Kd3
72. e5 Rb3 73. e6 Ke2+ 74. Kg2 d3 75. e7 d2 76. e8=Q+ Kd1 77. Qa4 Ke2 78. Qf2+
Kd3 79. Qxb3+ Ke4 80. Qff3+ Ke5 81. Qb5+ Kd4 82. Qfd3# {Normal} 1-0

[Event "Rated Blitz tournament VxpVxmkT"]
[Site "?"]
[Date "2021.02.06"]
[Round "?"]
[White "K_akbss"]
[Black "babageldi2277"]
[Result "0-1"]
[WhiteElo "2388"]
[BlackElo "2519"]
[PlyCount "70"]
[EventDate "2021.??.??"]
[EventType "blitz"]

1. e4 e5 2. Nf3 d5 3. Nxe5 dxe4 4. d4 exd3 5. Nxd3 Nf6 6. Nc3 Be7 7. Be2 O-O 8.
O-O Nc6 9. Bf4 Bf5 10. Bg3 Nd4 11. Nf4 Bxc2 12. Qc1 Bg6 13. Rd1 c5 14. Nxg6
hxg6 15. Bf1 Bd6 16. Na4 Bxg3 17. hxg3 b6 18. Nxc5 Rc8 19. b4 bxc5 20. bxc5 Qd5
21. Qb2 Rfd8 22. Rd3 Qxc5 23. Rad1 Ne6 24. Rxd8+ Rxd8 25. Rxd8+ Nxd8 26. Qb8
Qd4 27. Qc7 Ne4 28. Bc4 Nxf2 29. Kh2 Ng4+ 30. Kh3 Ne5 31. Bb3 Kh7 32. Kh2 Ndc6
33. Qc8 Ng4+ 34. Kh3 Nce5 35. Bd1 Qxd1 {Normal} 0-1

[Event "Rated Rapid game"]
[Site "?"]
[Date "2021.02.05"]
[Round "?"]
[White "AlexS1993"]
[Black "SeaBiskit"]
[Result "1-0"]
[WhiteElo "2693"]
[BlackElo "2485"]
[PlyCount "115"]
[EventDate "2021.??.??"]
[EventType "rapid"]

1. e4 e5 2. Nf3 d5 3. d4 dxe4 4. Nxe5 Bd6 5. Nc4 Nf6 6. Bg5 O-O 7. Be2 Nc6 8.
O-O Nxd4 9. Nc3 Bf5 10. Kh1 Be7 11. Re1 c6 12. Ne3 Bg6 13. Bc4 Qb6 14. Qc1 Rad8
15. Ne2 Qc5 16. Bh4 Nf5 17. Nxf5 Bxf5 18. Bb3 Ng4 19. Bg3 Bd6 20. h3 Nxf2+ 21.
Bxf2 Qxf2 22. Rf1 Qc5 23. Qg5 Qe5 24. Qf4 g6 25. Qxe5 Bxe5 26. Rae1 h5 27. Nc3
Bxc3 28. bxc3 Kg7 29. Rf4 Rd2 30. Kg1 Re8 31. g4 hxg4 32. hxg4 Bxg4 33. Rxg4 f5
34. Rg2 Red8 35. a4 Kf6 36. a5 g5 37. a6 bxa6 38. Bc4 Rxg2+ 39. Kxg2 Rd2+ 40.
Kf1 Rxc2 41. Ra1 Rxc3 42. Bxa6 Rc5 43. Bc8 a5 44. Kf2 g4 45. Ra3 Kg5 46. Ke3 g3
47. Ra2 Rc3+ 48. Kd4 Rd3+ 49. Ke5 e3 50. Bxf5 Rd5+ 51. Ke4 Rxf5 52. Kxe3 Kg4
53. Ke4 Rc5 54. Kd4 Rh5 55. Ke4 Kh3 56. Kf4 g2 57. Ra3+ Kh2 58. Ra2 {Time
forfeit} 1-0

[Event "Rated Blitz game"]
[Site "?"]
[Date "2021.02.05"]
[Round "?"]
[White "JohnChapman"]
[Black "ahoramahora"]
[Result "1-0"]
[WhiteElo "2411"]
[BlackElo "2331"]
[PlyCount "41"]
[EventDate "2021.??.??"]
[EventType "blitz"]

1. e4 e5 2. Nf3 d5 3. exd5 e4 4. Ne5 Qxd5 5. d4 exd3 6. Nxd3 Bf5 7. Nc3 Qd7 8.
Bg5 Nc6 9. Qe2+ Be7 10. Nc5 Qc8 11. O-O-O h6 12. Bh4 Nf6 13. Bxf6 gxf6 14. Nd5
Be6 15. Nxe6 fxe6 16. Qh5+ Kf8 17. Nf4 Ne5 18. Bb5 c5 19. Bd7 Nxd7 20. Nxe6+
Kg8 21. Qg6# {Normal} 1-0

[Event "Rated Blitz game"]
[Site "?"]
[Date "2021.02.05"]
[Round "?"]
[White "jpboyeras"]
[Black "Senor_de_los_vientos"]
[Result "1-0"]
[WhiteElo "2428"]
[BlackElo "2316"]
[PlyCount "95"]
[EventDate "2021.??.??"]
[EventType "blitz"]

1. e4 e5 2. Nf3 d5 3. exd5 e4 4. Qe2 Nf6 5. d3 Qxd5 6. Nbd2 Nc6 7. dxe4 Qc5 8.
Qc4 Ng4 9. Qe2 Nb4 10. Qb5+ Qxb5 11. Bxb5+ c6 12. Ba4 Bc5 13. O-O b5 14. a3 Na6
15. Bb3 Bb6 16. h3 Nf6 17. a4 b4 18. Nc4 Bc7 19. a5 Nc5 20. Re1 Nxb3 21. cxb3
O-O 22. Bd2 c5 23. Bg5 Nd7 24. Nfd2 f6 25. Be3 Bb7 26. f3 Rac8 27. Kf2 Bb8 28.
a6 Bc6 29. Ra5 Ba8 30. Rea1 Ne5 31. Nxe5 Bxe5 32. Nc4 Bd4 33. Rd1 f5 34. Bxd4
cxd4 35. exf5 Rcd8 36. Rb5 Bd5 37. Rxd4 Rxf5 38. Ne3 Re5 39. Rdxd5 Rexd5 40.
Rxd5 Rb8 41. Nc4 Kf7 42. Rd7+ Ke6 43. Rxa7 g5 44. Rb7 Ra8 45. a7 Kd5 46. Nb6+
Kd4 47. Nxa8 h5 48. Nb6 {Normal} 1-0

[Event "Rated Blitz game"]
[Site "?"]
[Date "2021.02.05"]
[Round "?"]
[White "Majasystem"]
[Black "Schachelite"]
[Result "1-0"]
[WhiteElo "2398"]
[BlackElo "2439"]
[PlyCount "113"]
[EventDate "2021.??.??"]
[EventType "blitz"]

1. e4 e5 2. Nf3 d5 3. d4 dxe4 4. Nxe5 Bd6 5. Bf4 Nf6 6. Bc4 O-O 7. Nc3 Nc6 8.
O-O Bf5 9. Nb5 Qe7 10. Nxc6 bxc6 11. Nxd6 cxd6 12. d5 c5 13. a4 Rab8 14. b3 Bg4
15. Qd2 Nh5 16. Bg5 f6 17. Be3 Bd7 18. Rae1 f5 19. Bg5 Qf7 20. f3 h6 21. Bh4 g5
22. Bf2 exf3 23. gxf3 Nf4 24. Be3 Nh3+ 25. Kh1 f4 26. Bxc5 Qf6 27. Bd4 Qf7 28.
Re6 Bxe6 29. dxe6 Qe7 30. Qd3 Rf6 31. Bxf6 Qxf6 32. e7+ Kg7 33. Qe4 Re8 34. Bd3
Rxe7 35. Qh7+ Kf8 36. Qf5 Qxf5 37. Bxf5 g4 38. fxg4 Re2 39. Bd3 Rd2 40. Rf3
Nf2+ 41. Kg1 Nxd3 42. cxd3 Ke7 43. Rxf4 Rxd3 44. Rb4 a5 45. Rb5 Ke6 46. Kg2 Rc3
47. h3 d5 48. Kf2 Ke5 49. Rxa5 Rxb3 50. Ra8 Rxh3 51. Rb8 Kd4 52. a5 Ra3 53. Rh8
Ra2+ 54. Kf3 Kd3 55. Rxh6 Rxa5 56. g5 d4 57. g6 {Time forfeit} 1-0

[Event "Rated Blitz game"]
[Site "?"]
[Date "2021.02.05"]
[Round "?"]
[White "darthpetrov2000"]
[Black "MrTarrasch"]
[Result "1-0"]
[WhiteElo "2507"]
[BlackElo "2436"]
[PlyCount "51"]
[EventDate "2021.??.??"]
[EventType "blitz"]

1. e4 e5 2. Nf3 d5 3. Nxe5 dxe4 4. d4 Nf6 5. Bc4 Be6 6. Bxe6 fxe6 7. O-O Nbd7
8. Nc3 Bd6 9. Nxd7 Qxd7 10. Bg5 O-O-O 11. Qe2 h6 12. Bxf6 gxf6 13. Nxe4 f5 14.
Nxd6+ Qxd6 15. Rfe1 Rde8 16. c3 Rhg8 17. Qf3 Rg6 18. Re5 Reg8 19. g3 Rg4 20.
Rae1 R8g6 21. Qe3 f4 22. Qe2 fxg3 23. hxg3 Qe7 24. Rxe6 Rxg3+ 25. fxg3 Rxg3+
26. Kf2 {Normal} 1-0

[Event "Rated Blitz game"]
[Site "?"]
[Date "2021.02.05"]
[Round "?"]
[White "Chesstomioka"]
[Black "FTR_BBC"]
[Result "0-1"]
[WhiteElo "2507"]
[BlackElo "2371"]
[PlyCount "130"]
[EventDate "2021.??.??"]
[EventType "blitz"]

1. e4 e5 2. Nf3 d5 3. exd5 e4 4. Nd4 Qxd5 5. Nb3 Nf6 6. Nc3 Qd8 7. g3 a5 8. Qe2
a4 9. Nxe4 Nxe4 10. Qxe4+ Be7 11. Nd4 O-O 12. Ne2 Re8 13. Bg2 Bf6 14. Qf3 a3
15. c3 Nc6 16. O-O Ne5 17. Qd5 Nd3 18. Qxd8 Rxd8 19. bxa3 Nxc1 20. Rfxc1 Rd7
21. d4 Rxa3 22. Rc2 g6 23. Rb1 Rd8 24. Rb3 Ra7 25. h3 c6 26. Nf4 h5 27. Nd3 Bf5
28. Rd2 Be6 29. Rbb2 Bg5 30. f4 Be7 31. Ne5 Ba3 32. Rb1 Bf5 33. Rbd1 f6 34. Nc4
Bf8 35. d5 c5 36. d6 b5 37. Ne3 Bd7 38. Nd5 Kg7 39. Nb6 Ra6 40. Nxd7 Rxd7 41.
Bf1 c4 42. Rb1 Rdxd6 43. Rxd6 Bxd6 44. Rxb5 Rxa2 45. Bxc4 Rc2 46. Rb3 Bc5+ 47.
Kh1 Bf2 48. g4 Bg3 49. Bf1 Rh2+ 50. Kg1 Rc2 51. c4 Bxf4 52. Rb7+ Kh6 53. gxh5
Kxh5 54. Rb3 Bh2+ 55. Kh1 Bd6 56. Rf3 f5 57. Re3 Bc5 58. Re8 Kg5 59. Re5 Bd4
60. Rd5 Be3 61. Rd6 Rc1 62. Kg2 Rc2+ 63. Kf3 Bc5 64. Rd1 Rf2+ 65. Kg3 f4# {
Normal} 0-1

[Event "Rated Blitz game"]
[Site "?"]
[Date "2021.02.05"]
[Round "?"]
[White "T2306"]
[Black "is_er_nog_hoop"]
[Result "0-1"]
[WhiteElo "2422"]
[BlackElo "2482"]
[PlyCount "68"]
[EventDate "2021.??.??"]
[EventType "blitz"]

1. e4 e5 2. Nf3 d5 3. exd5 Bd6 4. Nc3 f5 5. d4 e4 6. Ne5 Nf6 7. Bb5+ Kf8 8. O-O
a6 9. Be2 b5 10. a3 Nbd7 11. f4 exf3 12. Nxf3 Nb6 13. Bg5 h6 14. Bxf6 Qxf6 15.
Bd3 g6 16. Qe2 Bb7 17. Ne5 Re8 18. Rae1 Kg7 19. g4 Qg5 20. Bxf5 Bxe5 21. dxe5
gxf5 22. Rxf5 Qg6 23. e6 Rhf8 24. Qe5+ Kh7 25. Kh1 Qg7 26. Qe4 Rxf5 27. Qxf5+
Kh8 28. h3 Qg5 29. Re5 Qxf5 30. gxf5 Kg7 31. Ne4 Bxd5 32. f6+ Kg6 33. e7 Bxe4+
34. Rxe4 Kxf6 {Normal} 0-1

[Event "Rated Rapid game"]
[Site "?"]
[Date "2021.02.05"]
[Round "?"]
[White "MedoAhlawy"]
[Black "SeaBiskit"]
[Result "0-1"]
[WhiteElo "2264"]
[BlackElo "2438"]
[PlyCount "36"]
[EventDate "2021.??.??"]
[EventType "rapid"]

1. e4 e5 2. Nf3 d5 3. Nxe5 Bd6 4. d4 dxe4 5. Bc4 Bxe5 6. dxe5 Qxd1+ 7. Kxd1 Nc6
8. Bd5 Bg4+ 9. Ke1 O-O-O 10. h3 Nge7 11. c4 Bh5 12. Bg5 Nxd5 13. cxd5 Rxd5 14.
Nc3 Rxe5 15. Bf4 Re6 16. g4 Bg6 17. Rd1 Nb4 18. a3 Nd3+ {Normal} 0-1

[Event "Rated Rapid game"]
[Site "?"]
[Date "2021.02.05"]
[Round "?"]
[White "TimeToSacrifice"]
[Black "SeaBiskit"]
[Result "0-1"]
[WhiteElo "2386"]
[BlackElo "2491"]
[PlyCount "26"]
[EventDate "2021.??.??"]
[EventType "rapid"]

1. e4 e5 2. Nf3 d5 3. exd5 e4 4. Qe2 Nf6 5. Nc3 Be7 6. Nxe4 Nxd5 7. d3 O-O 8.
Bd2 Re8 9. O-O-O Nc6 10. g3 Bg4 11. c3 Ne5 12. Bg2 f5 13. Neg5 Bxg5 {Normal}
0-1

[Event "Rated Rapid game"]
[Site "?"]
[Date "2021.02.05"]
[Round "?"]
[White "MedoAhlawy"]
[Black "SeaBiskit"]
[Result "0-1"]
[WhiteElo "2258"]
[BlackElo "2462"]
[PlyCount "42"]
[EventDate "2021.??.??"]
[EventType "rapid"]

1. e4 e5 2. Nf3 d5 3. Nxe5 Bd6 4. d4 dxe4 5. Bb5+ c6 6. Be2 Nf6 7. O-O Nbd7 8.
Bg5 Nxe5 9. dxe5 Bxe5 10. Qxd8+ Kxd8 11. c3 h6 12. Bxf6+ Bxf6 13. Nd2 Re8 14.
Rad1 Kc7 15. Bc4 Re7 16. Rfe1 b5 17. Bb3 Bg4 18. f3 exf3 19. gxf3 Rxe1+ 20.
Rxe1 Bh5 21. Ne4 Bh4 {Time forfeit} 0-1

[Event "Rated Blitz game"]
[Site "?"]
[Date "2021.02.05"]
[Round "?"]
[White "ffl0"]
[Black "Stoichess"]
[Result "0-1"]
[WhiteElo "2477"]
[BlackElo "2587"]
[PlyCount "148"]
[EventDate "2021.??.??"]
[EventType "blitz"]

1. e4 e5 2. Nf3 d5 3. exd5 Bd6 4. Bb5+ c6 5. dxc6 Nxc6 6. d4 exd4 7. Qxd4 Nge7
8. Bxc6+ bxc6 9. O-O O-O 10. Rd1 Nf5 11. Qd3 Qf6 12. Nc3 Qg6 13. Ne4 Bc7 14.
Ng3 Re8 15. Bd2 Nxg3 16. hxg3 Bf5 17. Qc4 Bxc2 18. Rdc1 Be4 19. Bc3 Bd5 20. Qh4
h6 21. Re1 Bb6 22. Ne5 Qf5 23. Qf4 Qxf4 24. gxf4 f6 25. Nd7 Bc7 26. g3 Kf7 27.
Nc5 Rad8 28. Rxe8 Rxe8 29. Re1 Rd8 30. b3 Bf3 31. Ne4 Rd3 32. Bb2 Bb6 33. Kh2
Bxe4 34. Rxe4 Rd2 35. Bc3 Rxf2+ 36. Kh3 Rxa2 37. Rc4 c5 38. b4 cxb4 39. Rxb4
Rc2 40. Bd4 Rc6 41. Bxb6 axb6 42. Rb5 g6 43. Kg4 f5+ 44. Kf3 Ke6 45. g4 Rc3+
46. Kg2 fxg4 47. Rxb6+ Kf5 48. Rb5+ Kxf4 49. Rb6 Kg5 50. Kg1 h5 51. Ra6 Rc2 52.
Ra5+ Kh4 53. Ra3 g5 54. Rb3 g3 55. Rb4+ g4 56. Kf1 Kh3 57. Rb5 h4 58. Rb1 g2+
59. Kg1 g3 60. Rd1 Rf2 61. Rb1 Rf1+ 62. Rxf1 gxf1=Q+ 63. Kxf1 Kh2 64. Ke2 g2
65. Ke3 g1=Q+ 66. Ke4 Kg2 67. Ke5 h3 68. Ke6 h2 69. Kd6 h1=Q 70. Ke6 Qe3+ 71.
Kd6 Qd1+ 72. Kc7 Qec1+ 73. Kb7 Qb3+ 74. Ka8 Qa1# {Normal} 0-1

[Event "Rated Blitz game"]
[Site "?"]
[Date "2021.02.05"]
[Round "?"]
[White "KNCP_719"]
[Black "Fantastic_power06"]
[Result "0-1"]
[WhiteElo "2570"]
[BlackElo "2638"]
[PlyCount "150"]
[EventDate "2021.??.??"]
[EventType "blitz"]

1. e4 e5 2. Nf3 d5 3. exd5 e4 4. Qe2 Nf6 5. Nc3 Be7 6. Nxe4 O-O 7. d3 Re8 8.
Bd2 Nxd5 9. O-O-O f5 10. Ne5 fxe4 11. dxe4 Bf6 12. f4 Bxe5 13. fxe5 Nb6 14. h4
Nc6 15. Bg5 Qxd1+ 16. Qxd1 Nxe5 17. Bb5 c6 18. Bd3 Bg4 19. Qe1 h6 20. Bf4 Rad8
21. Qg3 Nxd3+ 22. cxd3 h5 23. Re1 Rd7 24. Bd2 Red8 25. Re3 Nc4 26. dxc4 Rxd2
27. a3 Rd1+ 28. Kc2 Be6 29. Rc3 b5 30. Kb3 Bxc4+ 31. Kb4 R1d2 32. b3 Be6 33.
Qe5 Bf7 34. Rg3 g6 35. Qf6 R8d6 36. Qe7 Re6 37. Qxa7 Rxe4+ 38. Ka5 Rdd4 39.
Qa8+ Kg7 40. Qxc6 b4 41. axb4 Re6 42. Qc3 Re5+ 43. b5 Rde4 44. Rg5 Kf6 45. Rxe5
Rxe5 46. Qf3+ Ke6 47. Qc6+ Ke7 48. Kb4 Bd5 49. Qc7+ Ke6 50. b6 Re4+ 51. Ka3 Re3
52. Qc8+ Ke5 53. b7 Rxb3+ 54. Ka4 Rxb7 55. Qe8+ Kd6 56. Qxg6+ Kc7 57. Qxh5 Bc6+
58. Ka5 Ra7+ 59. Kb4 Ra4+ 60. Kc3 Re4 61. Kd3 Kd6 62. Qg6+ Re6 63. Qf5 Bd5 64.
Qf4+ Kd7 65. Qa4+ Bc6 66. Kd2 Rd6+ 67. Qd4 Rxd4+ 68. Kc3 Rd5 69. h5 Kd6 70. Kc2
Rc5+ 71. Kd3 Rxh5 72. Ke3 Rg5 73. Kf4 Rg6 74. Ke3 Re6+ 75. Kf4 Re5 {Time
forfeit} 0-1

[Event "Rated Blitz game"]
[Site "?"]
[Date "2021.02.05"]
[Round "?"]
[White "ffl0"]
[Black "Schachelite"]
[Result "0-1"]
[WhiteElo "2435"]
[BlackElo "2418"]
[PlyCount "84"]
[EventDate "2021.??.??"]
[EventType "blitz"]

1. e4 e5 2. Nf3 d5 3. exd5 e4 4. Qe2 Nf6 5. d3 Qxd5 6. Nbd2 Be7 7. Nxe4 Nxe4 8.
Qxe4 Qa5+ 9. Bd2 Qb6 10. O-O-O Nc6 11. Bc3 O-O 12. h4 Re8 13. Kb1 Be6 14. Qf4
f6 15. h5 h6 16. Nh4 Bd6 17. Qd2 a5 18. g3 Nb4 19. a3 Nd5 20. Bh3 Bxa3 21.
Bxe6+ Rxe6 22. Nf5 Bb4 23. Nxh6+ gxh6 24. Bxb4 Qxb4 25. Qxh6 Nc3+ 26. Kc1 Nxd1
27. Rh4 Qxb2+ 28. Kxd1 Qb1+ 29. Qc1 Re1+ 30. Kxe1 Qxc1+ 31. Ke2 Qxc2+ 32. Kf3
Qxd3+ 33. Kg2 a4 34. h6 a3 35. Rg4+ Kh7 36. Rg7+ Kxh6 37. Rxc7 a2 38. Rc3 Qxc3
39. g4 a1=Q 40. g5+ Kxg5 41. f4+ Kxf4 42. Kf2 Qab2+ {Normal} 0-1

[Event "Rated Blitz game"]
[Site "?"]
[Date "2021.02.05"]
[Round "?"]
[White "TrispiosReturns"]
[Black "Abahashvua"]
[Result "1-0"]
[WhiteElo "2505"]
[BlackElo "2464"]
[PlyCount "139"]
[EventDate "2021.??.??"]
[EventType "blitz"]

1. e4 e5 2. Nf3 d5 3. exd5 e4 4. Qe2 Nf6 5. Nc3 Be7 6. Nxe4 O-O 7. Nxf6+ Bxf6
8. d4 Qxd5 9. Qc4 Re8+ 10. Be3 Qa5+ 11. c3 Nc6 12. Be2 Be6 13. Qb5 a6 14. Qxa5
Nxa5 15. O-O Bc4 16. Rfe1 Re7 17. b3 Bxe2 18. Rxe2 Rae8 19. Kf1 b5 20. Rd1 Nc6
21. Red2 b4 22. c4 a5 23. g3 h6 24. d5 Ne5 25. Nxe5 Rxe5 26. c5 Rf5 27. Kg2 Bc3
28. Rd3 Rd8 29. d6 c6 30. f4 Rd7 31. g4 Rf6 32. Kf3 Re6 33. Bd4 f6 34. Bxc3
bxc3 35. Rxc3 Rd8 36. Re3 Kf7 37. Rxe6 Kxe6 38. f5+ Ke5 39. a3 h5 40. h3 h4 41.
b4 axb4 42. axb4 Ra8 43. d7 g5 44. fxg6 Rd8 45. g7 f5 46. gxf5 Kxf5 47. g8=Q
Rxg8 48. d8=Q Rg3+ 49. Kf2 Ke4 50. Qd4+ Kf5 51. Qxh4 Rg7 52. Qg4+ Rxg4 53.
hxg4+ Kxg4 54. Rd6 Kf5 55. Rxc6 Ke5 56. b5 Kd5 57. Rc7 Ke5 58. b6 Kd5 59. b7
Kc4 60. b8=Q Kd4 61. Qb7 Kc4 62. Qc6 Kd4 63. Qd6+ Kc4 64. Rd7 Kb5 65. c6 Kc4
66. c7 Kb5 67. c8=Q Ka4 68. Ra7+ Kb3 69. Rb7+ Ka4 70. Qa8# {Normal} 1-0

[Event "Rated Blitz game"]
[Site "?"]
[Date "2021.02.05"]
[Round "?"]
[White "z2win"]
[Black "Stoichess"]
[Result "0-1"]
[WhiteElo "2448"]
[BlackElo "2584"]
[PlyCount "58"]
[EventDate "2021.??.??"]
[EventType "blitz"]

1. e4 e5 2. Nf3 d5 3. Nxe5 Bd6 4. d4 dxe4 5. Nc4 Nf6 6. Be2 O-O 7. O-O Nc6 8.
c3 h6 9. Re1 Nd5 10. Nbd2 f5 11. Nxd6 Qxd6 12. Nc4 Qg6 13. Bf1 Kh8 14. Qb3 Nde7
15. Bf4 Be6 16. Qxb7 Bd5 17. Qxc7 Rac8 18. Qd6 Rf6 19. Qa3 Qg4 20. g3 Ng6 21.
h3 Qh5 22. Bd6 f4 23. g4 Qg5 24. Nd2 e3 25. fxe3 fxe3 26. Nb3 Nh4 27. Be2 Rf2
28. Bf1 Nf3+ 29. Kh1 Nxe1+ {Normal} 0-1

[Event "Rated Blitz game"]
[Site "?"]
[Date "2021.02.05"]
[Round "?"]
[White "EinarHjalti"]
[Black "lederman"]
[Result "1-0"]
[WhiteElo "2446"]
[BlackElo "2339"]
[PlyCount "73"]
[EventDate "2021.??.??"]
[EventType "blitz"]

1. e4 e5 2. Nf3 d5 3. exd5 e4 4. Qe2 Nf6 5. Nc3 Bf5 6. Nd4 Bg6 7. d3 Bb4 8.
dxe4 Bxc3+ 9. bxc3 Nxe4 10. Qb5+ Nd7 11. Qxb7 O-O 12. Nc6 Qe8 13. Be3 Nxc3 14.
Qxc7 Nxd5 15. Qg3 Qc8 16. Qd6 N7f6 17. Bc4 Re8 18. Bxd5 Nxd5 19. Qxd5 Be4 20.
Qd4 Qxc6 21. O-O Bxg2 22. Rfe1 Qg6 23. Qf4 Re4 24. Qg5 Rg4 25. Qxg6 hxg6 26. h3
Bxh3+ 27. Kh2 Rh4 28. Kg3 Rh5 29. c4 Bd7 30. Rad1 Bc6 31. Rd6 Be4 32. f3 Bf5
33. c5 Rc8 34. c6 Be6 35. Rc1 Rc7 36. Bf4 Rf5 37. Rd8+ {Normal} 1-0

[Event "Rated Blitz game"]
[Site "?"]
[Date "2021.02.05"]
[Round "?"]
[White "scabies"]
[Black "FTR_BBC"]
[Result "1-0"]
[WhiteElo "2364"]
[BlackElo "2412"]
[PlyCount "79"]
[EventDate "2021.??.??"]
[EventType "blitz"]

1. e4 e5 2. Nf3 d5 3. Nxe5 Bd6 4. d4 dxe4 5. Nc4 Be7 6. Nc3 Nf6 7. Bg5 Bf5 8.
Be2 h6 9. Bh4 O-O 10. g4 Nh7 11. Bxe7 Qxe7 12. gxf5 b5 13. Nxb5 e3 14. Nxe3 a6
15. Nc3 Rd8 16. Qd3 c5 17. d5 c4 18. Qxc4 Nd7 19. O-O-O Ne5 20. Qe4 Nf6 21. Qa4
Rab8 22. Ne4 Qb7 23. Nxf6+ gxf6 24. Rhg1+ Kh7 25. b3 Qb6 26. Ng4 Nxg4 27. Qxg4
Rg8 28. Qh5 Rg7 29. Rxg7+ Kxg7 30. Rg1+ Kf8 31. Qxh6+ Ke7 32. Bd3 Qxf2 33. Rf1
Qd4 34. Re1+ Kd6 35. Re4 Qa1+ 36. Kd2 Rg8 37. Qf4+ Kd7 38. Re2 Rg1 39. Qa4+ Kd6
40. Qc6# {Normal} 1-0

[Event "Rated Blitz game"]
[Site "?"]
[Date "2021.02.05"]
[Round "?"]
[White "kalumbwa1"]
[Black "Schachelite"]
[Result "0-1"]
[WhiteElo "2387"]
[BlackElo "2419"]
[PlyCount "66"]
[EventDate "2021.??.??"]
[EventType "blitz"]

1. e4 e5 2. Nf3 d5 3. exd5 e4 4. Qe2 Nf6 5. Nc3 Be7 6. Nxe4 O-O 7. Nxf6+ Bxf6
8. Qc4 Re8+ 9. Kd1 Qe7 10. Bd3 b5 11. Qxb5 Bg4 12. c3 Bxf3+ 13. gxf3 Nd7 14.
Qc4 Ne5 15. Qe4 Nxd3 16. Qxd3 Rad8 17. Kc2 c6 18. Rg1 Rxd5 19. Qc4 Qd6 20. Rg3
c5 21. d3 Re2+ 22. Bd2 Bh4 23. Qxh4 Rxd3 24. Rxg7+ Kxg7 25. Qg5+ Kf8 26. Rd1
Rxf2 27. Kc1 Rxh2 28. Rg1 Rdxd2 29. Qg7+ Ke7 30. Re1+ Rde2 31. Qg5+ Kf8 32.
Rxe2 Rxe2 33. Qh6+ Qxh6+ {Normal} 0-1

[Event "Rated Blitz game"]
[Site "?"]
[Date "2021.02.05"]
[Round "?"]
[White "tomieboyblue"]
[Black "annaly1979"]
[Result "1-0"]
[WhiteElo "2345"]
[BlackElo "2431"]
[PlyCount "73"]
[EventDate "2021.??.??"]
[EventType "blitz"]

1. e4 e5 2. Nf3 d5 3. Nxe5 Qe7 4. d4 f6 5. Qh5+ g6 6. Nxg6 Qxe4+ 7. Be3 Qxg6 8.
Qd1 Ne7 9. Be2 Nbc6 10. Bh5 Bf5 11. Bxg6+ hxg6 12. Nc3 Nb4 13. Rc1 g5 14. Qf3
O-O-O 15. g4 Bxc2 16. Qxf6 Rh6 17. Qxg5 Rg6 18. Qh5 Bg7 19. a3 Nd3+ 20. Kd2
Nxc1 21. Kxc2 Rh8 22. Kxc1 Rxh5 23. gxh5 Rg2 24. h6 Bh8 25. h4 c6 26. Bg5 Nf5
27. Ne2 Rxf2 28. Nf4 Bxd4 29. Re1 Bxb2+ 30. Kb1 b5 31. Re8+ Kb7 32. Nd3 Rh2 33.
Nxb2 Nxh6 34. Bxh6 Rxh4 35. Be3 d4 36. Bf2 c5 37. Bxh4 {Normal} 1-0